000 00294nam a2200109Ia 4500
008 220624s9999 xx 000 0 und d
020 _a1874820856
082 _aXHO F ACHE
100 _aAchebe, Chinua
_91515
245 0 _aLWADIKIK UDONGA
942 _cBK
_w561
_xJohn Tresidder
_y
_zCRON CRON
999 _c688824
_d688823